Cuando Valencia fue capital de España / (Record no. 12963)

MARC details
000 -LEADER
campo de control de longitud fija 01008nam a2200265 i 4500
001 - NÚMERO DE CONTROL
campo de control 12963
003 - IDENTIFICADOR DE NÚMERO DE CONTROL
campo de control ES-MaACL
005 - FECHA Y HORA DE LA ÚLTIMA TRANSACCIÓN
campo de control 20241023120056.0
007 - CAMPO FIJO DE DESCRIPCIÓN FÍSICA--INFORMACIÓN GENERAL
campo de control de longitud fija t|
008 - DATOS DE LONGITUD FIJA--INFORMACIÓN GENERAL
campo de control de longitud fija 940722s1993 sp ||||0| spa j
020 ## - NÚMERO INTERNACIONAL ESTÁNDAR DEL LIBRO
Número Internacional Estándar del Libro 84-482-0168-X
080 ## - NÚMERO DE LA CLASIFICACIÓN DECIMAL UNIVERSAL
Número de la Clasificación Decimal Universal 946.031.3 V. "1936/39"(093.3)
100 1# - ENTRADA PRINCIPAL--NOMBRE DE PERSONA
Nombre de persona Pérez Verdú, Francisco.
9 (RLIN) 91199
245 10 - MENCIÓN DEL TÍTULO
Título Cuando Valencia fue capital de España /
Mención de responsabilidad, etc. Francisco Pérez Verdú ; con un prólogo de José Prat y un epílogo de Ramón Serrano Suñer.
260 ## - PUBLICACIÓN, DISTRIBUCIÓN, ETC.
Lugar de publicación, distribución, etc. València :
Nombre del editor, distribuidor, etc. Conselleria de Cultura,
Fecha de publicación, distribución, etc. 1993.
300 ## - DESCRIPCIÓN FÍSICA
Extensión 267, [52] p. ;
Dimensiones 22 cm.
490 1# - MENCIÓN DE SERIE
Mención de serie Collecció Homenatges ;
Designación de volumen o secuencia 29
651 #4 - PUNTO DE ACCESO ADICIONAL DE MATERIA--NOMBRE GEOGRÁFICO
Nombre geográfico Valencia-
Subdivisión general Historia-
Subdivisión cronológica 1936-1939-
Subdivisión de forma Relatos personales.
9 (RLIN) 155349
700 1# - ENTRADA AGREGADA--NOMBRE PERSONAL
Nombre de persona Prat, José,
Fechas asociadas al nombre 1905-1994
9 (RLIN) 93665
700 1# - ENTRADA AGREGADA--NOMBRE PERSONAL
Nombre de persona Serrano Suñer, Ramón,
Fechas asociadas al nombre 1901-2003
9 (RLIN) 105805
710 1# - ENTRADA AGREGADA--NOMBRE DE ENTIDAD CORPORATIVA
Nombre de entidad corporativa o nombre de jurisdicción como elemento de entrada Comunidad Valenciana.
Unidad subordinada Consejería de Cultura .
9 (RLIN) 155350
830 0# - PUNTO DE ACCESO ADICIONAL DE SERIE-TÍTULO UNIFORME
Título uniforme Collecció Homenatges ;
Designación de volumen o secuencia 29
9 (RLIN) 226870
852 ## - LOCALIZACIÓN
Ubicación ES-MaACL
Número de control de estantería L-20298
Holdings
Estatus retirado Estado de pérdida Estado de daño No para préstamo Biblioteca de origen Biblioteca actual Ubicación en estantería Fecha de adquisición Fuente de adquisición Total de préstamos Signatura topográfica completa Código de barras Visto por última vez Precio de reemplazo Tipo de ítem Koha
        Biblioteca del Ateneo de Madrid Biblioteca del Ateneo de Madrid Depósito 2 17/01/2008     L-20298 1013202 23/02/2023 23/02/2023 Libro impreso